| 000 | 00372nam a2200157Ia 4500 | ||
|---|---|---|---|
| 008 | 230524s9999 xx 000 0 und d | ||
| 082 |
_a658.45 _bSHA |
||
| 100 | _aR.K.Sharma | ||
| 245 | 0 | _aManagement Accounting | |
| 250 | _a1ST | ||
| 260 |
_aNEW DELHI _bKalyani _c2000 |
||
| 300 | _aXXIII;1180 | ||
| 500 | _aQuantity Number: 43 | ||
| 650 | _aManagement | ||
| 942 | _cBK | ||
| 999 |
_c15650 _d15650 |
||